Ending wars / (Record no. 15723)

000 -LEADER
fixed length control field 02053nam a2200229 a 4500
001 - CONTROL NUMBER
control field ASIN0745640338
005 - DATE AND TIME OF LATEST TRANSACTION
control field 20170105102924.0
008 - FIXED-LENGTH DATA ELEMENTS--GENERAL INFORMATION
fixed length control field 131210s2008 xxu eng d
020 ## - INTERNATIONAL STANDARD BOOK NUMBER
International Standard Book Number 0745640338 (paperback)
Terms of availability $26.95
020 ## - INTERNATIONAL STANDARD BOOK NUMBER
International Standard Book Number 9780745640334 (paperback)
040 ## - CATALOGING SOURCE
Original cataloging agency 0
100 1# - MAIN ENTRY--PERSONAL NAME
Personal name Cochrane, Feargal.
245 10 - TITLE STATEMENT
Title Ending wars /
Statement of responsibility, etc. Feargal Cochrane.
250 ## - EDITION STATEMENT
Edition statement 1st ed.
260 ## - PUBLICATION, DISTRIBUTION, ETC.
Place of publication, distribution, etc. [S.l.] :
Name of publisher, distributor, etc. Polity,
Date of publication, distribution, etc. 2008.
300 ## - PHYSICAL DESCRIPTION
Extent 176 p. ;
Dimensions 21 cm.
490 1# - SERIES STATEMENT
Series statement War and conflict in the modern world.
520 ## - SUMMARY, ETC.
Summary, etc. Many books have been written about war, but few have focused on how wars can be brought to an end. Wars are rarely inevitable however and this book is aimed at understanding how violent conflicts can be brought to a close through intervention, mediation and political negotiation. The simple premise underlying the book is that wars between states and wars within states are generally fought by rational people for particular political goals or perceived interests. War is better understood as a methodology rather than an ideology. When the context, issues and actors in these armed conflicts change then it is often possible to control, or even transform such violence. By bringing together a number of existing debates from peace and conflict research as well as scholars of international relations, the book examines the dynamic forces that lie behind the ending of wars and how these have changed over time. Examples are drawn from a wide range of armed conflicts to analyse the efforts that have been made to move from War-War to Jaw-Jaw, or more typically Jaw-War. Efforts at third-party intervention, mediation and political negotiation across a range of conflict zones from Europe to Sub-Saharan Africa are discussed in full. Neither idealistic nor fatalistic, this book is a must-read for all students of international politics and security studies.
830 #0 - SERIES ADDED ENTRY--UNIFORM TITLE
Uniform title War and conflict in the modern world.
856 40 - ELECTRONIC LOCATION AND ACCESS
Materials specified Amazon.com
Uniform Resource Identifier <a href="http://www.amazon.com/exec/obidos/ASIN/0745640338/chopaconline-20">http://www.amazon.com/exec/obidos/ASIN/0745640338/chopaconline-20</a>
942 ## - ADDED ENTRY ELEMENTS (KOHA)
Source of classification or shelving scheme
Koha item type Book
Holdings
Withdrawn status Lost status Damaged status Not for loan Collection code Permanent Location Current Location Shelving location Date acquired Total Checkouts Full call number Barcode Date last seen Price effective from Koha item type
          Centre for International Peace & Stability (CIPS) Centre for International Peace & Stability (CIPS) General Stacks 10/02/2013   327.17 COC 2008 CIPS0002224 12/10/2013 12/10/2013 Book
© 2023 Central Library, National University of Sciences and Technology. All Rights Reserved.